Rendimientos y riesgos en la evaluación de bonos /

Guardado en:
Autor Principal: Apreda, Rodolfo.
Formato: Libro
Idioma:Spanish
Publicado: Buenos Aires : Universidad Argentina de la Empresa, 1995.
Series:Cuadernos Uade ; 62.
Materias:
Etiquetas: Agregar Etiqueta
Sin Etiquetas, Sea el primero en etiquetar este registro!
LEADER 00732nam a22002175 4500
001 EAD.ead002452
008 080718s1995####ag#######b####000#0#spa#d
005 20101025162901.0
245 1 0 |a Rendimientos y riesgos en la evaluación de bonos /  |c Rodolfo Apreda. 
260 |a Buenos Aires :  |b Universidad Argentina de la Empresa,  |c 1995. 
300 |a ii, 81 p. ;  |c 29 cm. 
490 1 |a Cuadernos Uade ;  |v 62 
504 |a Incluye referencias bibliográficas. 
020 |a 9879095294 
100 1 |a Apreda, Rodolfo. 
830 0 |a Cuadernos Uade ;  |v 62. 
082 0 4 |a 332.6323  |2 21 
650 7 |a Bonos.  |2 unbist 
650 4 |a Tasas de interes.  |2 unbist 
650 7 |a Riesgo.  |2 unbist 
859 |a AR-BaBDC  |b BIB. ADMINISTRACION - Libros  |h 332.6323  |i Ap68  |p b03485